| 000 | 01126nam a22002657a 4500 | ||
|---|---|---|---|
| 005 | 20240530110511.0 | ||
| 008 | 151125s2013 jo a g b 000 0 ara d | ||
| 017 |
_a2012/2320 _bالاردن . دائرة المكتبة الوطنية |
||
| 020 | _a9789957831875 | ||
| 040 | _aEG-CaGPL | ||
| 082 | 0 | 4 |
_221 _a027.5\ _bأ م |
| 100 | 0 | _aاحمد نافع المدادحة . | |
| 245 | 1 | 2 |
_aالمكتبات الوطنية و دورها فى خدمة القراء / _cتاليف و اعداد احمد نافع المدادحة . |
| 250 | _aط1. | ||
| 260 |
_aالاردن : _bمكتبة المجتمع العربى للنشر و التوزيع ، _c2013 . |
||
| 300 |
_a170 ص ؛ _c24 سم . |
||
| 504 | _aيشتمل على ارجاعات ببليوجرافية . | ||
| 650 | 0 | 4 | _aالمكتبات القومية . |
| 650 | 0 | 4 |
_aدائرة المكتبة الوطنية _zالاردن . |
| 650 | 0 | 4 |
_aالمكتبات القومية _xالهيكل التنظيمى . |
| 650 | 0 | 4 | _aالمكتبات و القراء . |
| 650 | 0 | 4 | _aالقراءة . |
| 942 |
_2ddc _cBK |
||
| 999 |
_c61680 _d61680 |
||